[Event "Badalona op-B 43rd"]
[Site "Badalona"]
[Date "2017.08.10"]
[Round "9"]
[White "Garcia Ruiz, Adrian"]
[Black "Ospina Ocampo, Camilo"]
[Result "1-0"]
[WhiteElo "1940"]
[BlackElo "1918"]
[PlyCount "64"]
[EventDate "2017.08.02"]
[EventType "swiss"]
[EventRounds "9"]
[EventCountry "ESP"]
[SourceTitle "EXT 2019"]
[Source "ChessBase"]
[SourceDate "2018.10.10"]
[SourceVersion "1"]
[SourceVersionDate "2018.10.10"]
[SourceQuality "1"]

1. e4 e5 2. Nf3 Nc6 3. Bb5 Nf6 4. d3 Bc5 5. Bxc6 dxc6 6. Nbd2 Be6 7. Qe2 Nd7 8. 0-0 Qe7 9. Nb3 Bb6 10. Ng5 h6 11. Nxe6 Qxe6 12. a4 a6 13. Bd2 g5 14. Na5 0-0-0 15. Nc4 g4 16. b4 Kb8 17. b5 cxb5 18. axb5 axb5 19. Nxb6 Nxb6 20. Be3 h5 21. Rfb1 Qc6 22. Ra5 Na4 23. Qd2 b6 24. Raxb5 Nc3 25. Rxb6+ cxb6 26. Rxb6+ Qxb6 27. Bxb6 Rc8 28. Ba5 Na2 29. c4 Rc6 30. Qxa2 Rhh6 31. Qb2+ Kc8 32. Qxe5 Rhe6 1-0

[Event "Badalona op-B 43rd"]
[Site "Badalona"]
[Date "2017.08.07"]
[Round "6"]
[White "Ospina Ocampo, Camilo"]
[Black "Walter Travella, German"]
[Result "1-0"]
[WhiteElo "1918"]
[BlackElo "1888"]
[PlyCount "87"]
[EventDate "2017.08.02"]
[EventType "swiss"]
[EventRounds "9"]
[EventCountry "ESP"]
[SourceTitle "EXT 2019"]
[Source "ChessBase"]
[SourceDate "2018.10.10"]
[SourceVersion "1"]
[SourceVersionDate "2018.10.10"]
[SourceQuality "1"]

1. f4 d5 2. Nf3 Bg4 3. e3 e6 4. d4 Bd6 5. c4 c6 6. Nc3 Nf6 7. Bd3 Bb4 8. 0-0 Qa5 9. Qb3 Nbd7 10. Ne5 Nxe5 11. fxe5 Nd7 12. cxd5 cxd5 13. Qc2 Bxc3 14. bxc3 f5 15. exf6 Nxf6 16. Bg6+ hxg6 17. Qxg6+ Kd7 18. Qxg7+ Kc6 19. Rb1 Qc7 20. Qxc7+ Kxc7 21. Rxf6 Raf8 22. Rxf8 Rxf8 23. Bd2 Be2 24. h3 Bd3 25. Rd1 b5 26. a3 Kd7 27. Kh2 Bc2 28. Rg1 Rf2 29. Be1 Re2 30. Kg3 Be4 31. h4 Ke7 32. h5 Kf6 33. Kf4 Bxg2 34. Bh4+ Kf7 35. Bg5 Ra2 36. Ke5 Bh3 37. h6 Bf5 38. Bf6 Rxa3 39. h7 Bxh7 40. Rg7+ Kf8 41. Rxh7 Rxc3 42. Kxe6 Rxe3+ 43. Be5 Re4 44. Rh8# 1-0

[Event "Badalona op-B 43rd"]
[Site "Badalona"]
[Date "2017.08.05"]
[Round "4"]
[White "Ospina Ocampo, Camilo"]
[Black "Torralba Brosa, Marc"]
[Result "1/2-1/2"]
[WhiteElo "1918"]
[BlackElo "1839"]
[PlyCount "131"]
[EventDate "2017.08.02"]
[EventType "swiss"]
[EventRounds "9"]
[EventCountry "ESP"]
[SourceTitle "EXT 2019"]
[Source "ChessBase"]
[SourceDate "2018.10.10"]
[SourceVersion "1"]
[SourceVersionDate "2018.10.10"]
[SourceQuality "1"]

1. e4 c5 2. Nf3 Nc6 3. Bb5 g6 4. Bxc6 dxc6 5. d3 Bg7 6. 0-0 Nf6 7. Nbd2 0-0 8. Re1 Qc7 9. h3 e5 10. Nf1 Nh5 11. Ng3 Nxg3 12. fxg3 h6 13. Be3 b6 14. g4 f5 15. gxf5 gxf5 16. Nh4 f4 17. Bf2 Qf7 18. Qf3 Kh7 19. a4 a5 20. Kh1 h5 21. Rg1 Bf6 22. Raf1 Rg8 23. b3 Bd7 24. g4 hxg4 25. hxg4 Qg7 26. Nf5 Bxf5 27. exf5 Rh8 28. Rg2 Kg8+ 29. Rh2 Kf7 30. Bg1 Rag8 31. Qxc6 Rxh2+ 32. Bxh2 Qh6 33. Qe6+ Kg7 34. Qd7+ Kh8 35. Rg1 Qh3 36. Qf7 Qf3+ 37. Rg2 Qc6 38. Qe6 Qxe6 39. fxe6 Bh4 40. Re2 Bf6 41. Rg2 Kg7 42. g5 Bd8 43. Kg1 Kf8 44. g6 Ke7 45. Kf2 Kxe6 46. Kf3 Kf6 47. Ke4 Bc7 48. Bg1 Rxg6 49. Rxg6+ Kxg6 50. Bf2 Kg5 51. Kf3 Bd8 52. Be1 Kh5 53. c3 Bh4 54. Bd2 Bg3 55. d4 Kg5 56. dxe5 Kf5 57. e6 Kxe6 58. b4 c4 59. bxa5 bxa5 60. Bxf4 Be1 61. Ke4 Bxc3 62. Bg3 Bb4 63. Kd4 c3 64. Kd3 Kd5 65. Bf2 Kc6 66. Bd4 1/2-1/2

[Event "Untergrombach op 33rd"]
[Site "Untergrombach"]
[Date "2016.01.02"]
[Round "1"]
[White "Koziak, Vitali"]
[Black "Ospina Ocampo, Camilo"]
[Result "1-0"]
[WhiteElo "2478"]
[BlackElo "1860"]
[PlyCount "43"]
[EventDate "2016.01.02"]
[EventType "swiss"]
[EventRounds "7"]
[EventCountry "GER"]
[SourceTitle "CBM 170 Extra"]
[Source "ChessBase"]
[SourceDate "2016.02.25"]
[SourceVersion "1"]
[SourceVersionDate "2016.02.25"]
[SourceQuality "1"]

1. Nf3 Nf6 2. c4 e6 3. Nc3 d5 4. d4 Be7 5. Bf4 c6 6. e3 Nbd7 7. h3 0-0 8. a3 a5 9. Qc2 Re8 10. Bd3 Nf8 11. 0-0 Ng6 12. Bh2 Bd6 13. Bxd6 Qxd6 14. Rfe1 Bd7 15. Rad1 Rac8 16. c5 Qe7 17. e4 Nf4 18. e5 Nxd3 19. Qxd3 Nh5 20. Qe3 g6 21. g4 Ng7 22. Qh6 1-0

[Event "Baden-ch U18/20"]
[Site "Karlsruhe"]
[Date "2014.01.03"]
[Round "3"]
[White "Ospina Ocampo, Camilo"]
[Black "Ciolek, Andreas"]
[Result "0-1"]
[WhiteElo "1855"]
[BlackElo "1927"]
[PlyCount "76"]
[EventDate "2014.01.??"]
[EventType "swiss"]
[EventRounds "7"]
[EventCountry "GER"]
[SourceTitle "EXT 2022"]
[Source "ChessBase"]
[SourceDate "2021.10.06"]
[SourceVersion "1"]
[SourceVersionDate "2021.10.06"]
[SourceQuality "1"]

1. e4 c5 2. Nf3 d6 3. Bb5+ Bd7 4. Bxd7+ Qxd7 5. 0-0 Nf6 6. Re1 Nc6 7. c3 e6 8. d4 cxd4 9. cxd4 d5 10. e5 Ne4 11. g3 Be7 12. Kg2 Rc8 13. Be3 0-0 14. Ng1 f6 15. f3 Ng5 16. Bxg5 fxg5 17. Nc3 Na5 18. Qa4 Qxa4 19. Nxa4 Rc4 20. b3 Rxd4 21. Rac1 Rd2+ 22. Re2 Rxe2+ 23. Nxe2 Nc6 24. f4 gxf4 25. Nxf4 Bg5 26. Rxc6 bxc6 27. Nxe6 Rf5 28. Nd4 Rxe5 29. Nf3 Rf5 30. g4 Rf4 31. Kg3 h6 32. h4 Rxf3+ 33. Kxf3 Bxh4 34. Kf4 Kf7 35. Nb2 Bg5+ 36. Kf3 Ke6 37. Nd3 Kd6 38. Ke2 c5 0-1

[Event "GER-chT U20"]
[Site "Osnabrueck"]
[Date "2013.12.30"]
[Round "7.3"]
[White "Faldum, Manfred"]
[Black "Ospina Ocampo, Camilo"]
[Result "1/2-1/2"]
[WhiteElo "1927"]
[BlackElo "1741"]
[PlyCount "39"]
[EventDate "2013.12.27"]
[EventType "team-swiss"]
[EventRounds "7"]
[EventCountry "GER"]
[SourceTitle "EXT 2015"]
[Source "ChessBase"]
[SourceDate "2014.11.20"]
[SourceVersion "1"]
[SourceVersionDate "2014.11.20"]
[SourceQuality "1"]
[WhiteTeam "Heidesheim"]
[BlackTeam "Karlsruhe"]
[WhiteTeamCountry "GER"]
[BlackTeamCountry "GER"]

1. Nf3 Nf6 2. g3 g6 3. Bg2 d5 4. 0-0 Bg7 5. d4 Nbd7 6. c4 c6 7. Na3 0-0 8. Rb1 e5 9. Nc2 a5 10. b3 Re8 11. a3 b5 12. b4 axb4 13. axb4 Bb7 14. Bb2 Qe7 15. Qd2 Red8 16. Qe3 Ne8 17. Qb3 Nc7 18. Ra1 Rxa1 19. Rxa1 Ra8 20. Rxa8+ 1/2-1/2

[Event "GER-chT U20"]
[Site "Osnabrueck"]
[Date "2013.12.29"]
[Round "5.3"]
[White "Biefel, Christian"]
[Black "Ospina Ocampo, Camilo"]
[Result "1/2-1/2"]
[WhiteElo "1747"]
[BlackElo "1741"]
[PlyCount "59"]
[EventDate "2013.12.27"]
[EventType "team-swiss"]
[EventRounds "7"]
[EventCountry "GER"]
[SourceTitle "EXT 2015"]
[Source "ChessBase"]
[SourceDate "2014.11.20"]
[SourceVersion "1"]
[SourceVersionDate "2014.11.20"]
[SourceQuality "1"]
[WhiteTeam "Heilbronn"]
[BlackTeam "Karlsruhe"]
[WhiteTeamCountry "GER"]
[BlackTeamCountry "GER"]

1. c4 e5 2. Nc3 Nf6 3. g3 Nc6 4. Bg2 Bc5 5. e3 d6 6. Nge2 a6 7. d4 Ba7 8. 0-0 h5 9. f4 exd4 10. Nxd4 Bd7 11. h3 Rh6 12. Kh2 Qe7 13. Re1 Kf8 14. Nxc6 Bxc6 15. Nd5 Qd7 16. b3 Re8 17. Qd3 Bxd5 18. Bxd5 Nxd5 19. cxd5 Qb5 20. Qxb5 axb5 21. e4 h4 22. Be3 hxg3+ 23. Kxg3 Bxe3 24. Rxe3 c5 25. e5 dxe5 26. fxe5 Rd6 27. Rd1 Rd7 28. Kf4 Ke7 29. Rc3 b6 30. Rd2 1/2-1/2

[Event "GER-ch U25 op-A"]
[Site "Oberhof"]
[Date "2012.05.28"]
[Round "3"]
[White "Ospina Ocampo, Camilo"]
[Black "Naundorf, Johannes"]
[Result "1-0"]
[WhiteElo "1838"]
[BlackElo "1494"]
[PlyCount "55"]
[EventDate "2012.05.27"]
[EventType "swiss"]
[EventRounds "9"]
[EventCountry "GER"]
[SourceTitle "CBM 148 Extra"]
[Source "ChessBase"]
[SourceDate "2012.06.22"]
[SourceVersion "1"]
[SourceVersionDate "2012.06.22"]
[SourceQuality "1"]

1. e4 Nf6 2. Nc3 d5 3. exd5 Nxd5 4. d4 Nxc3 5. bxc3 c6 6. Nf3 Bf5 7. Bc4 e6 8. 0-0 Be7 9. Ne5 Nd7 10. f4 Nxe5 11. fxe5 0-0 12. Rb1 b5 13. Bd3 Bxd3 14. Qxd3 Bg5 15. Rf3 Bxc1 16. Rxc1 Qg5 17. Rcf1 Qg6 18. Qd2 f5 19. exf6 Rxf6 20. Rxf6 gxf6 21. Qf4 Rf8 22. Qd6 Qe4 23. h3 Qd5 24. Qg3+ Kh8 25. Qh4 Kg7 26. Rf3 Rf7 27. Qg3+ Kh6 28. Rf4 1-0